Normal view
MARC view
- التجارة - أساليب إحصائية
Entry Topical Term
001 - CONTROL NUMBER
- control field: 20419
003 - CONTROL NUMBER IDENTIFIER
- control field: JO-AjAnu
005 - DATE AND TIME OF LATEST TRANSACTION
- control field: 20230606073543.0
008 - FIXED-LENGTH DATA ELEMENTS
- fixed length control field: 230606|| aca||aabn | a|a d
040 ## - CATALOGING SOURCE
- Original cataloging agency: JO-AjAnu
- Transcribing agency: JO-AjAnu
150 ## - HEADING--TOPICAL TERM
- Topical term or geographic name entry element: التجارة - أساليب إحصائية
670 ## - SOURCE DATA FOUND
- Source citation: Work cat.: (JO-AjAnu)10485: تأليف: علي،محمد فتحي محمد, author 20418, الاحصاء في اتخاذ القرارات التجارية وبحوث العمليات